[Event "Moscow Open 2016 A"]
[Site "?"]
[Date "2016.02.02"]
[Round "4.7"]
[White "Vavulin, Maksim"]
[Black "Grachev, Boris"]
[Result "1/2-1/2"]
[BlackElo "2652"]
[WhiteElo "2448"]
[LiveChessVersion "1.4.7"]

1. e4 {[%clk 1:30:58]} c5 {[%clk 1:25:53]} 2. Nf3 {[%clk 1:31:15]} e6
{[%clk 1:26:14]} 3. b3 {[%clk 1:31:19]} b6 {[%clk 1:26:37]} 4. Bb2
{[%clk 1:31:41]} Bb7 {[%clk 1:27:02]} 5. Qe2 {[%clk 1:32:01]} Nc6
{[%clk 1:26:47]} 6. g3 {[%clk 1:31:18]} Nf6 {[%clk 1:25:21]} 7. Bg2
{[%clk 1:26:56]} d6 {[%clk 1:21:01]} 8. d4 {[%clk 1:24:35]} cxd4 {[%clk 1:19:29]}
9. Nxd4 {[%clk 1:23:23]} Nxd4 {[%clk 1:18:50]} 10. Bxd4 {[%clk 1:23:50]} Be7
{[%clk 1:15:16]} 11. O-O {[%clk 1:23:21]} O-O {[%clk 1:15:05]} 12. c4
{[%clk 1:22:46]} Nd7 {[%clk 1:11:06]} 13. Nc3 {[%clk 1:21:49]} a6
{[%clk 1:10:51]} 14. Rfd1 {[%clk 1:16:59]} Qc7 {[%clk 1:10:34]} 15. Rac1
{[%clk 1:15:37]} Rac8 {[%clk 1:08:19]} 16. f4 {[%clk 1:02:28]} Bf6
{[%clk 1:01:05]} 17. Bxf6 {[%clk 0:46:44]} Nxf6 {[%clk 1:01:05]} 18. e5
{[%clk 0:46:25]} Qc5+ {[%clk 0:55:16]} 19. Kh1 {[%clk 0:46:07]} Bxg2+
{[%clk 0:55:36]} 20. Kxg2 {[%clk 0:46:18]} dxe5 {[%clk 0:40:35]} 21. Qxe5
{[%clk 0:32:47]} Qc6+ {[%clk 0:37:40]} 22. Kg1 {[%clk 0:31:15]} Rfd8
{[%clk 0:35:10]} 23. Rxd8+ {[%clk 0:30:06]} Rxd8 {[%clk 0:35:36]} 24. Rd1
{[%clk 0:30:27]} Rxd1+ {[%clk 0:35:08]} 25. Nxd1 {[%clk 0:30:38]} h6
{[%clk 0:34:22]} 26. Qd4 {[%clk 0:24:10]} b5 {[%clk 0:28:34]} 27. Qd8+
{[%clk 0:21:03]} Kh7 {[%clk 0:28:58]} 28. Qd3+ {[%clk 0:21:30]} Kh8
{[%clk 0:28:51]} 29. Qd8+ {[%clk 0:19:49]} Ng8 {[%clk 0:23:02]} 30. cxb5
{[%clk 0:16:55]} axb5 {[%clk 0:21:58]} 31. Nf2 {[%clk 0:16:10]} Kh7
{[%clk 0:19:34]} 32. Qd3+ {[%clk 0:12:41]} f5 {[%clk 0:19:34]} 33. Ng4
{[%clk 0:10:06]} Qc1+ {[%clk 0:08:40]} 34. Kg2 {[%clk 0:10:29]} Ne7
{[%clk 0:07:57]} 35. Ne5 {[%clk 0:10:10]} Nd5 {[%clk 0:06:32]} 36. Qxb5
{[%clk 0:08:51]} Qd2+ {[%clk 0:05:04]} 37. Kh3 {[%clk 0:07:51]} Ne3
{[%clk 0:03:13]} 38. Qc6 {[%clk 0:05:12]} Qxa2 {[%clk 0:02:31]} 39. b4
{[%clk 0:04:46]} Qd2 {[%clk 0:00:36]} 40. b5 {[%clk 0:33:01]} Qe1
{[%clk 0:30:34]} 41. Qf3 {[%clk 0:26:16]} Nd5 {[%clk 0:29:47]} 42. b6
{[%clk 0:19:47]} g5 {[%clk 0:19:02]} 43. b7 {[%clk 0:17:50]} g4+ {[%clk 0:18:50]}
44. Nxg4 {[%clk 0:18:13]} fxg4+ {[%clk 0:19:13]} 45. Qxg4 {[%clk 0:18:24]} Qb1
{[%clk 0:14:07]} 46. Qxe6 {[%clk 0:18:38]} Qxb7 {[%clk 0:14:27]} 47. f5
{[%clk 0:18:25]} Nf4+ {[%clk 0:13:46]} 48. gxf4 {[%clk 0:18:49]} 1/2-1/2

[Event "Moscow Open 2016 A"]
[Site "?"]
[Date "2016.02.02"]
[Round "4.8"]
[White "Kokarev, Dmitry"]
[Black "Gevorgyan, David Sh."]
[Result "1-0"]
[BlackElo "2356"]
[WhiteElo "2619"]
[LiveChessVersion "1.4.7"]

1. e4 {[%clk 1:30:55]} e5 {[%clk 1:30:55]} 2. Nf3 {[%clk 1:31:18]} Nc6
{[%clk 1:31:22]} 3. Bb5 {[%clk 1:31:41]} Nf6 {[%clk 1:27:08]} 4. d3
{[%clk 1:32:00]} d6 {[%clk 1:26:55]} 5. O-O {[%clk 1:31:59]} Bd7 {[%clk 1:23:40]}
6. Re1 {[%clk 1:32:15]} a6 {[%clk 1:05:47]} 7. Bxc6 {[%clk 1:27:23]} Bxc6
{[%clk 1:03:08]} 8. d4 {[%clk 1:27:44]} Be7 {[%clk 0:49:56]} 9. Nc3
{[%clk 1:26:55]} exd4 {[%clk 0:47:16]} 10. Nxd4 {[%clk 1:27:17]} Bd7
{[%clk 0:46:32]} 11. Qf3 {[%clk 1:24:53]} O-O {[%clk 0:44:43]} 12. h3
{[%clk 1:24:49]} Re8 {[%clk 0:42:01]} 13. Bf4 {[%clk 1:22:46]} c5
{[%clk 0:31:34]} 14. Nf5 {[%clk 1:19:58]} Bxf5 {[%clk 0:31:30]} 15. exf5
{[%clk 1:20:23]} Qc8 {[%clk 0:28:34]} 16. g4 {[%clk 1:11:13]} Qc6
{[%clk 0:26:47]} 17. Kg2 {[%clk 1:07:36]} Bf8 {[%clk 0:10:36]} 18. Rad1
{[%clk 0:51:57]} Rxe1 {[%clk 0:10:45]} 19. Rxe1 {[%clk 0:51:47]} h6
{[%clk 0:09:06]} 20. Rd1 {[%clk 0:47:07]} Rd8 {[%clk 0:04:04]} 21. Qxc6
{[%clk 0:47:03]} bxc6 {[%clk 0:04:28]} 22. b3 {[%clk 0:47:28]} d5
{[%clk 0:03:51]} 23. Na4 {[%clk 0:45:40]} Re8 {[%clk 0:03:15]} 24. Be3
{[%clk 0:44:52]} Nd7 {[%clk 0:03:09]} 25. c4 {[%clk 0:41:58]} d4 {[%clk 0:02:59]}
26. Bd2 {[%clk 0:42:09]} Bd6 {[%clk 0:03:05]} 27. Nb2 {[%clk 0:41:50]} Ne5
{[%clk 0:02:49]} 28. Re1 {[%clk 0:40:18]} Kf8 {[%clk 0:02:20]} 29. f6
{[%clk 0:38:33]} Re6 {[%clk 0:02:24]} 30. f4 {[%clk 0:26:49]} Ng6
{[%clk 0:00:41]} 31. fxg7+ {[%clk 0:26:59]} Kxg7 {[%clk 0:00:59]} 32. Rxe6
{[%clk 0:26:49]} fxe6 {[%clk 0:01:26]} 33. Kf3 {[%clk 0:27:13]} Nf8
{[%clk 0:01:07]} 34. Nd3 {[%clk 0:25:31]} Nd7 {[%clk 0:01:10]} 35. Ba5
{[%clk 0:24:25]} Kg6 {[%clk 0:01:08]} 36. Bd8 {[%clk 0:24:40]} Kf7
{[%clk 0:00:42]} 37. h4 {[%clk 0:21:32]} Ke8 {[%clk 0:01:08]} 38. Ba5
{[%clk 0:21:55]} Kf7 {[%clk 0:00:42]} 39. h5 {[%clk 0:21:10]} Kg7
{[%clk 0:00:33]} 40. Bd8 {[%clk 0:48:17]} Kf7 {[%clk 0:30:44]} 41. g5
{[%clk 0:46:37]} Kg7 {[%clk 0:25:37]} 42. Ke4 {[%clk 0:46:21]} Bb8
{[%clk 0:04:47]} 43. Be7 {[%clk 0:43:08]} Ba7 {[%clk 0:03:38]} 44. g6
{[%clk 0:42:25]} Bb6 {[%clk 0:00:31]} 45. f5 {[%clk 0:42:17]} exf5+
{[%clk 0:00:34]} 46. Kxf5 {[%clk 0:42:39]} Ba7 {[%clk 0:00:31]} 47. Ke6
{[%clk 0:42:54]} Nb8 {[%clk 0:00:33]} 48. Bf6+ {[%clk 0:41:23]} Kf8
{[%clk 0:00:42]} 49. Ne5 {[%clk 0:41:37]} Bb6 {[%clk 0:00:41]} 50. Ng4
{[%clk 0:41:49]} d3 {[%clk 0:00:31]} 51. g7+ {[%clk 0:42:06]} 1-0

[Event "Moscow Open 2016 A"]
[Site "?"]
[Date "2016.02.02"]
[Round "4.9"]
[White "Moskalenko, Alexander"]
[Black "Pridorozhni, Aleksei"]
[Result "1-0"]
[BlackElo "2550"]
[WhiteElo "2442"]
[LiveChessVersion "1.4.7"]

1. e4 {[%clk 1:30:57]} d5 {[%clk 1:30:48]} 2. exd5 {[%clk 1:30:15]} Qxd5
{[%clk 1:31:11]} 3. Nc3 {[%clk 1:30:40]} Qd6 {[%clk 1:31:35]} 4. d4
{[%clk 1:30:43]} Nf6 {[%clk 1:31:55]} 5. Bc4 {[%clk 1:30:42]} c6 {[%clk 1:30:45]}
6. Nge2 {[%clk 1:30:07]} Nbd7 {[%clk 1:31:03]} 7. Qd3 {[%clk 1:23:55]} Nb6
{[%clk 1:24:46]} 8. Bf4 {[%clk 1:22:35]} Qd8 {[%clk 1:24:43]} 9. Bb3
{[%clk 1:22:46]} g6 {[%clk 1:23:59]} 10. Qd2 {[%clk 1:19:35]} h5 {[%clk 1:21:16]}
11. O-O {[%clk 1:16:04]} Bg7 {[%clk 1:21:11]} 12. Rfe1 {[%clk 1:15:57]} Nfd5
{[%clk 1:18:44]} 13. Bg5 {[%clk 1:06:31]} f6 {[%clk 1:10:38]} 14. Be3
{[%clk 1:06:32]} h4 {[%clk 1:02:19]} 15. h3 {[%clk 0:59:08]} Bf5 {[%clk 1:00:17]}
16. Nf4 {[%clk 0:49:53]} Qd7 {[%clk 0:47:39]} 17. Nd3 {[%clk 0:43:55]} O-O-O
{[%clk 0:42:19]} 18. a4 {[%clk 0:24:33]} Nxe3 {[%clk 0:33:01]} 19. fxe3
{[%clk 0:21:16]} e5 {[%clk 0:32:51]} 20. a5 {[%clk 0:15:52]} Na8 {[%clk 0:33:03]}
21. d5 {[%clk 0:09:46]} e4 {[%clk 0:28:29]} 22. Nc5 {[%clk 0:08:58]} Qe7
{[%clk 0:27:03]} 23. Qd4 {[%clk 0:09:05]} Nc7 {[%clk 0:23:19]} 24. a6
{[%clk 0:06:28]} b6 {[%clk 0:22:53]} 25. Nb7 {[%clk 0:06:42]} c5 {[%clk 0:22:56]}
26. Qc4 {[%clk 0:05:03]} Rd6 {[%clk 0:16:18]} 27. Nxd6+ {[%clk 0:04:04]} Qxd6
{[%clk 0:16:43]} 28. Nxe4 {[%clk 0:04:04]} Bxe4 {[%clk 0:17:08]} 29. Qxe4
{[%clk 0:04:32]} f5 {[%clk 0:17:31]} 30. Qd3 {[%clk 0:03:29]} Bxb2
{[%clk 0:17:42]} 31. Rad1 {[%clk 0:03:14]} Be5 {[%clk 0:17:53]} 32. Ba4
{[%clk 0:02:53]} Kd8 {[%clk 0:16:55]} 33. Bc6 {[%clk 0:02:52]} Ke7
{[%clk 0:15:56]} 34. Rf1 {[%clk 0:03:05]} Kf6 {[%clk 0:13:10]} 35. Rf3
{[%clk 0:03:00]} Kg7 {[%clk 0:13:23]} 36. Rdf1 {[%clk 0:02:53]} Qf6
{[%clk 0:10:44]} 37. Re1 {[%clk 0:02:51]} Bd6 {[%clk 0:10:41]} 38. e4
{[%clk 0:02:26]} f4 {[%clk 0:10:50]} 39. e5 {[%clk 0:02:12]} Bxe5
{[%clk 0:11:10]} 40. Re4 {[%clk 0:32:15]} Rh5 {[%clk 0:41:14]} 41. Qc4
{[%clk 0:28:26]} Rf5 {[%clk 0:28:37]} 42. Bd7 {[%clk 0:22:16]} Rg5
{[%clk 0:29:00]} 43. Be6 {[%clk 0:20:59]} Rg3 {[%clk 0:26:24]} 44. Bg4
{[%clk 0:17:12]} Bd6 {[%clk 0:25:45]} 45. Rexf4 {[%clk 0:12:51]} Bxf4
{[%clk 0:21:23]} 46. Rxf4 {[%clk 0:12:19]} Qe5 {[%clk 0:19:21]} 47. Re4
{[%clk 0:04:03]} Qd6 {[%clk 0:16:31]} 48. Bf3 {[%clk 0:03:54]} Rxf3
{[%clk 0:05:29]} 49. gxf3 {[%clk 0:04:22]} Nxd5 {[%clk 0:05:52]} 50. Rg4
{[%clk 0:03:35]} Nf6 {[%clk 0:05:28]} 51. Rg2 {[%clk 0:03:57]} Qd1+
{[%clk 0:05:33]} 52. Kh2 {[%clk 0:04:19]} Qd6+ {[%clk 0:05:49]} 53. Kh1
{[%clk 0:04:05]} Qd1+ {[%clk 0:05:28]} 54. Kh2 {[%clk 0:04:33]} Qd6+
{[%clk 0:05:23]} 55. Kg1 {[%clk 0:05:02]} Qd1+ {[%clk 0:05:42]} 56. Kf2
{[%clk 0:03:40]} Nd5 {[%clk 0:05:36]} 57. Qe4 {[%clk 0:03:14]} Qd2+
{[%clk 0:06:01]} 58. Kg1 {[%clk 0:03:19]} Qc1+ {[%clk 0:06:24]} 59. Kh2
{[%clk 0:03:29]} Nf4 {[%clk 0:06:50]} 60. Qe7+ {[%clk 0:03:51]} Kg8
{[%clk 0:07:11]} 61. Qd8+ {[%clk 0:04:12]} Kg7 {[%clk 0:07:36]} 62. Rd2
{[%clk 0:04:27]} Nh5 63. Qg5 1-0

[Event "Moscow Open 2016 A"]
[Site "?"]
[Date "2016.02.02"]
[Round "4.10"]
[White "Faizrakhmanov, Ramil"]
[Black "Meskovs, Nikita"]
[Result "1-0"]
[BlackElo "2515"]
[WhiteElo "2426"]
[LiveChessVersion "1.4.7"]

1. d4 {[%clk 1:30:56]} Nf6 {[%clk 1:30:55]} 2. c4 {[%clk 1:31:16]} g6
{[%clk 1:31:19]} 3. Nc3 {[%clk 1:31:24]} Bg7 {[%clk 1:31:44]} 4. e4
{[%clk 1:30:53]} d6 {[%clk 1:32:09]} 5. Be2 {[%clk 1:30:29]} O-O {[%clk 1:32:31]}
6. Bg5 {[%clk 1:30:48]} c5 {[%clk 1:32:44]} 7. d5 {[%clk 1:30:02]} e6
{[%clk 1:33:02]} 8. Qd2 {[%clk 1:27:12]} exd5 {[%clk 1:29:07]} 9. exd5
{[%clk 1:27:17]} Re8 {[%clk 1:28:03]} 10. Nf3 {[%clk 1:23:12]} Nbd7
{[%clk 1:17:15]} 11. O-O {[%clk 1:21:15]} Ne5 {[%clk 1:14:00]} 12. Nxe5
{[%clk 1:16:44]} Rxe5 {[%clk 1:12:39]} 13. f4 {[%clk 1:13:35]} Re7
{[%clk 1:07:26]} 14. Bd3 {[%clk 0:55:47]} h6 {[%clk 1:01:16]} 15. Bh4
{[%clk 0:56:02]} Bd7 {[%clk 1:00:49]} 16. Kh1 {[%clk 0:45:06]} Qb6
{[%clk 0:36:45]} 17. Bxf6 {[%clk 0:39:16]} Bxf6 {[%clk 0:35:47]} 18. f5
{[%clk 0:39:32]} g5 {[%clk 0:28:34]} 19. Ne4 {[%clk 0:39:35]} Qxb2
{[%clk 0:16:57]} 20. Qxb2 {[%clk 0:38:45]} Bxb2 {[%clk 0:17:24]} 21. Rab1
{[%clk 0:38:58]} Be5 {[%clk 0:17:52]} 22. f6 {[%clk 0:34:30]} Ree8
{[%clk 0:18:17]} 23. Rxb7 {[%clk 0:34:39]} Bc8 {[%clk 0:15:55]} 24. Rc7
{[%clk 0:30:32]} Kf8 {[%clk 0:12:10]} 25. h3 {[%clk 0:17:25]} Rd8
{[%clk 0:10:27]} 26. Re1 {[%clk 0:12:36]} Re8 {[%clk 0:03:43]} 27. g4
{[%clk 0:10:02]} Rb8 {[%clk 0:02:37]} 28. Rxa7 {[%clk 0:08:43]} Rb2
{[%clk 0:01:06]} 29. Re2 {[%clk 0:08:28]} Rxe2 {[%clk 0:00:57]} 30. Bxe2
{[%clk 0:08:56]} Bxf6 {[%clk 0:00:40]} 31. Nxd6 {[%clk 0:08:20]} Rxe2
{[%clk 0:01:00]} 32. Rxf7+ {[%clk 0:08:45]} Kg8 {[%clk 0:01:26]} 33. Rxf6
{[%clk 0:09:09]} Bd7 {[%clk 0:00:45]} 34. Nb7 {[%clk 0:08:55]} Rc2
{[%clk 0:00:33]} 35. Nxc5 {[%clk 0:09:09]} Be8 {[%clk 0:01:00]} 36. Ne6
{[%clk 0:09:23]} 1-0

[Event "Moscow Open 2016 A"]
[Site "?"]
[Date "2016.02.02"]
[Round "4.11"]
[White "Shtembuliak, Evgeny"]
[Black "Paravyan, David"]
[Result "1-0"]
[BlackElo "2509"]
[WhiteElo "2420"]
[LiveChessVersion "1.4.7"]

1. Nf3 {[%clk 1:29:00]} c5 {[%clk 1:30:54]} 2. e4 {[%clk 1:28:34]} d6
{[%clk 1:30:11]} 3. c3 {[%clk 1:18:38]} Nf6 {[%clk 1:30:11]} 4. Be2
{[%clk 1:19:04]} Bd7 {[%clk 1:30:38]} 5. e5 {[%clk 1:16:54]} dxe5
{[%clk 1:30:10]} 6. Nxe5 {[%clk 1:17:19]} Nc6 {[%clk 1:28:52]} 7. Nxd7
{[%clk 1:17:15]} Qxd7 {[%clk 1:29:18]} 8. O-O {[%clk 1:17:29]} e6
{[%clk 1:29:27]} 9. a4 {[%clk 1:16:37]} Be7 {[%clk 1:29:30]} 10. Na3
{[%clk 1:16:13]} O-O {[%clk 1:28:28]} 11. Nc4 {[%clk 1:15:47]} b6
{[%clk 1:25:25]} 12. Qb3 {[%clk 1:09:04]} Rab8 {[%clk 1:24:55]} 13. Bf3
{[%clk 1:01:04]} Nd5 {[%clk 1:20:30]} 14. d3 {[%clk 0:43:58]} Rfd8
{[%clk 1:19:23]} 15. Qb5 {[%clk 0:38:55]} a6 {[%clk 1:13:06]} 16. Qxa6
{[%clk 0:38:34]} Nc7 {[%clk 1:13:18]} 17. Bxc6 {[%clk 0:39:01]} Qxc6
{[%clk 1:13:45]} 18. Ne5 {[%clk 0:39:24]} Qd6 {[%clk 1:09:16]} 19. Qc4
{[%clk 0:39:12]} f6 {[%clk 1:09:23]} 20. Nf3 {[%clk 0:34:25]} Qxd3
{[%clk 1:09:45]} 21. Qg4 {[%clk 0:32:32]} Qg6 {[%clk 1:08:23]} 22. Qc4
{[%clk 0:32:12]} Qf7 {[%clk 1:05:23]} 23. Bf4 {[%clk 0:29:49]} Bd6
{[%clk 1:02:02]} 24. Bxd6 {[%clk 0:19:07]} Rxd6 {[%clk 1:02:23]} 25. Rfd1
{[%clk 0:19:31]} Qd7 {[%clk 0:58:39]} 26. Rxd6 {[%clk 0:18:40]} Qxd6
{[%clk 0:59:03]} 27. h4 {[%clk 0:18:37]} Qd5 {[%clk 0:48:36]} 28. Qg4
{[%clk 0:15:09]} Rd8 {[%clk 0:38:01]} 29. h5 {[%clk 0:13:11]} Qb3
{[%clk 0:36:34]} 30. h6 {[%clk 0:13:17]} g6 {[%clk 0:36:59]} 31. Qf4
{[%clk 0:12:49]} Ne8 {[%clk 0:37:24]} 32. Qc1 {[%clk 0:09:10]} e5
{[%clk 0:28:14]} 33. Nd2 {[%clk 0:08:55]} Qd5 {[%clk 0:27:28]} 34. Nf1
{[%clk 0:09:19]} Qe4 {[%clk 0:27:01]} 35. a5 {[%clk 0:07:43]} b5 {[%clk 0:14:21]}
36. a6 {[%clk 0:06:21]} Nc7 {[%clk 0:04:19]} 37. a7 {[%clk 0:06:37]} Ne6
{[%clk 0:04:41]} 38. Qe3 {[%clk 0:04:35]} Qb7 {[%clk 0:00:58]} 39. Ng3
{[%clk 0:02:46]} Ra8 {[%clk 0:00:41]} 40. Ne4 {[%clk 0:31:54]} Rxa7
{[%clk 0:30:40]} 41. Nxf6+ {[%clk 0:29:01]} Kf7 {[%clk 0:17:12]} 42. Rxa7
{[%clk 0:22:47]} Qxa7 {[%clk 0:17:38]} 43. Nxh7 {[%clk 0:22:08]} Qa1+
{[%clk 0:16:15]} 44. Kh2 {[%clk 0:22:29]} Qd1 {[%clk 0:16:43]} 45. f3
{[%clk 0:17:08]} Qd6 {[%clk 0:06:35]} 46. Qe4 {[%clk 0:11:17]} c4
{[%clk 0:03:05]} 47. Kg3 {[%clk 0:09:50]} Qc7 {[%clk 0:03:12]} 48. Qh4
{[%clk 0:06:46]} e4+ {[%clk 0:00:34]} 49. f4 {[%clk 0:07:11]} Kg8
{[%clk 0:00:33]} 50. Nf6+ {[%clk 0:07:15]} Kh8 {[%clk 0:01:01]} 51. Nxe4
{[%clk 0:07:17]} Qf7 {[%clk 0:00:34]} 52. Ng5 {[%clk 0:02:48]} Qf6
{[%clk 0:00:32]} 53. Qg4 {[%clk 0:02:57]} Nxg5 {[%clk 0:00:51]} 54. Qxg5
{[%clk 0:03:14]} Qf7 {[%clk 0:00:49]} 55. Qe5+ {[%clk 0:03:40]} Kh7
{[%clk 0:01:15]} 56. Qg7+ {[%clk 0:04:06]} 1-0

[Event "Moscow Open 2016 A"]
[Site "?"]
[Date "2016.02.02"]
[Round "4.12"]
[White "Oganian, Miran"]
[Black "Gordievsky, Dmitry"]
[Result "1-0"]
[BlackElo "2506"]
[WhiteElo "2405"]
[LiveChessVersion "1.4.7"]

1. d4 {[%clk 1:30:57]} Nf6 {[%clk 1:30:52]} 2. c4 {[%clk 1:31:15]} g6
{[%clk 1:31:16]} 3. Nc3 {[%clk 1:31:22]} Bg7 {[%clk 1:31:19]} 4. e4
{[%clk 1:31:38]} d6 {[%clk 1:31:35]} 5. Nf3 {[%clk 1:32:02]} O-O {[%clk 1:31:54]}
6. Be2 {[%clk 1:32:29]} Nbd7 {[%clk 1:31:27]} 7. O-O {[%clk 1:30:23]} e5
{[%clk 1:31:25]} 8. Be3 {[%clk 1:29:56]} c6 {[%clk 1:29:47]} 9. d5
{[%clk 1:28:55]} c5 {[%clk 1:29:58]} 10. Ne1 {[%clk 1:28:27]} Ne8
{[%clk 1:30:18]} 11. g4 {[%clk 1:21:44]} Kh8 {[%clk 1:30:12]} 12. Kh1
{[%clk 1:20:23]} f5 {[%clk 1:29:54]} 13. gxf5 {[%clk 1:20:21]} gxf5
{[%clk 1:30:20]} 14. exf5 {[%clk 1:20:10]} Nb6 {[%clk 1:30:42]} 15. Bd3
{[%clk 1:13:00]} Bxf5 {[%clk 1:16:45]} 16. Bxf5 {[%clk 1:10:54]} Rxf5
{[%clk 1:17:00]} 17. Qg4 {[%clk 1:09:04]} Qd7 {[%clk 1:13:35]} 18. Rg1
{[%clk 0:58:12]} Nf6 {[%clk 1:11:37]} 19. Qe2 {[%clk 0:53:58]} Rf8
{[%clk 0:43:15]} 20. f3 {[%clk 0:52:47]} Nh5 {[%clk 0:33:19]} 21. Ne4
{[%clk 0:51:44]} Nf4 {[%clk 0:33:27]} 22. Bxf4 {[%clk 0:39:44]} exf4
{[%clk 0:33:42]} 23. Rd1 {[%clk 0:37:46]} Qe7 {[%clk 0:31:53]} 24. b3
{[%clk 0:36:08]} Nd7 {[%clk 0:30:09]} 25. Rg2 {[%clk 0:29:28]} Ne5
{[%clk 0:28:02]} 26. Nd3 {[%clk 0:28:10]} Ng6 {[%clk 0:27:16]} 27. Rg4
{[%clk 0:25:01]} b5 {[%clk 0:27:24]} 28. Qg2 {[%clk 0:23:38]} Bd4
{[%clk 0:22:41]} 29. Re1 {[%clk 0:19:19]} Be3 {[%clk 0:19:54]} 30. Qb2+
{[%clk 0:11:25]} Kg8 {[%clk 0:19:35]} 31. a4 {[%clk 0:11:48]} a6 {[%clk 0:13:55]}
32. axb5 {[%clk 0:11:58]} axb5 {[%clk 0:14:22]} 33. Qa1 {[%clk 0:12:15]} bxc4
{[%clk 0:05:19]} 34. bxc4 {[%clk 0:12:36]} Rd8 {[%clk 0:05:37]} 35. Rb1
{[%clk 0:10:55]} Rff8 {[%clk 0:05:31]} 36. Qa6 {[%clk 0:07:54]} Rb8
{[%clk 0:05:35]} 37. Rxb8 {[%clk 0:03:15]} Rxb8 {[%clk 0:05:58]} 38. Qxd6
{[%clk 0:03:12]} Rb1+ {[%clk 0:05:15]} 39. Kg2 {[%clk 0:03:35]} Qxd6
{[%clk 0:03:50]} 40. Nxd6 {[%clk 0:33:58]} Kf8 {[%clk 0:32:00]} 41. Ne4
{[%clk 0:30:33]} h5 {[%clk 0:19:05]} 42. Rg5 {[%clk 0:23:57]} Nh4+
{[%clk 0:19:26]} 43. Kh3 {[%clk 0:24:21]} Nxf3 {[%clk 0:18:43]} 44. Rxh5
{[%clk 0:20:50]} Rb3 {[%clk 0:12:01]} 45. Ndxc5 {[%clk 0:10:08]} Bxc5
{[%clk 0:12:08]} 46. Nxc5 {[%clk 0:10:32]} Rc3 {[%clk 0:12:22]} 47. Ne6+
{[%clk 0:08:34]} Ke7 {[%clk 0:11:32]} 48. Kg4 {[%clk 0:08:41]} Nd2
{[%clk 0:10:59]} 49. c5 {[%clk 0:04:36]} f3 {[%clk 0:11:27]} 50. Rh7+
{[%clk 0:01:11]} Kf6 {[%clk 0:11:50]} 51. Rh6+ {[%clk 0:01:13]} Kf7
{[%clk 0:10:13]} 52. Rh5 {[%clk 0:01:22]} Ke7 {[%clk 0:10:20]} 53. Rf5
{[%clk 0:01:26]} Nf1 {[%clk 0:10:48]} 54. Kg5 {[%clk 0:00:59]} Nxh2
{[%clk 0:10:10]} 55. Kg6 {[%clk 0:00:48]} Ng4 {[%clk 0:10:38]} 56. Kg7
{[%clk 0:00:39]} Re3 {[%clk 0:04:07]} 57. Rf7+ {[%clk 0:01:02]} Ke8
{[%clk 0:04:36]} 58. c6 {[%clk 0:00:56]} Ne5 {[%clk 0:02:49]} 59. c7
{[%clk 0:01:13]} Rc3 {[%clk 0:03:16]} 60. Rf8+ {[%clk 0:01:06]} Ke7
{[%clk 0:03:44]} 61. c8=Q {[%clk 0:01:08]} Rxc8 {[%clk 0:04:12]} 62. Rxc8
{[%clk 0:01:30]} Kd6 {[%clk 0:04:25]} 63. Nf4 {[%clk 0:01:00]} f2
{[%clk 0:03:53]} 64. Rc1 {[%clk 0:01:24]} Ng4 {[%clk 0:04:16]} 65. Rf1
{[%clk 0:00:35]} Kxd5 {[%clk 0:04:16]} 1-0

[Event "Moscow Open 2016 A"]
[Site "?"]
[Date "2016.02.02"]
[Round "4.13"]
[White "Vokhidov, Shamsiddin"]
[Black "Matinian, Nikita"]
[Result "1-0"]
[BlackElo "2476"]
[WhiteElo "2352"]
[LiveChessVersion "1.4.7"]

1. e4 {[%clk 1:30:57]} c5 {[%clk 1:30:54]} 2. Nf3 {[%clk 1:31:19]} d6
{[%clk 1:31:22]} 3. Bb5+ {[%clk 1:31:41]} Bd7 {[%clk 1:31:49]} 4. Bxd7+
{[%clk 1:31:59]} Qxd7 {[%clk 1:32:16]} 5. c4 {[%clk 1:32:19]} Nf6
{[%clk 1:32:38]} 6. Nc3 {[%clk 1:32:30]} g6 {[%clk 1:32:57]} 7. d4
{[%clk 1:32:42]} cxd4 {[%clk 1:33:24]} 8. Nxd4 {[%clk 1:33:03]} Bg7
{[%clk 1:33:51]} 9. h3 {[%clk 1:33:27]} O-O {[%clk 1:34:07]} 10. O-O
{[%clk 1:33:42]} Nc6 {[%clk 1:34:09]} 11. Be3 {[%clk 1:34:06]} a6
{[%clk 1:33:51]} 12. a4 {[%clk 1:34:27]} e6 {[%clk 1:32:37]} 13. Qf3
{[%clk 1:32:21]} Qc7 {[%clk 1:24:09]} 14. b3 {[%clk 1:24:16]} Nd7
{[%clk 1:21:57]} 15. Rfd1 {[%clk 1:22:01]} Qa5 {[%clk 0:57:26]} 16. Na2
{[%clk 1:16:20]} Rfd8 {[%clk 0:49:54]} 17. Qe2 {[%clk 1:07:23]} d5
{[%clk 0:21:12]} 18. exd5 {[%clk 1:05:06]} exd5 {[%clk 0:21:37]} 19. cxd5
{[%clk 1:03:04]} Qxd5 {[%clk 0:22:00]} 20. Nxc6 {[%clk 1:02:29]} Qxc6
{[%clk 0:22:26]} 21. Rac1 {[%clk 1:02:47]} Qe6 {[%clk 0:21:50]} 22. Qd3
{[%clk 0:47:40]} Bf6 {[%clk 0:18:01]} 23. Qd5 {[%clk 0:47:45]} Qxd5
{[%clk 0:18:23]} 24. Rxd5 {[%clk 0:48:13]} Ne5 {[%clk 0:17:39]} 25. Nc3
{[%clk 0:46:45]} Nd3 {[%clk 0:15:28]} 26. Rd1 {[%clk 0:47:03]} Bxc3
{[%clk 0:13:58]} 27. R5xd3 {[%clk 0:47:28]} Rxd3 {[%clk 0:13:30]} 28. Rxd3
{[%clk 0:47:57]} Rc8 {[%clk 0:13:29]} 29. Bb6 {[%clk 0:45:38]} Be5
{[%clk 0:13:07]} 30. Kf1 {[%clk 0:45:35]} Rc3 {[%clk 0:12:54]} 31. Rxc3
{[%clk 0:45:22]} Bxc3 {[%clk 0:13:21]} 32. Ke2 {[%clk 0:45:47]} Kf8
{[%clk 0:12:21]} 33. Kd3 {[%clk 0:46:07]} Be1 {[%clk 0:12:34]} 34. Ke4
{[%clk 0:46:02]} Ke7 {[%clk 0:12:53]} 35. Kd5 {[%clk 0:45:49]} h5
{[%clk 0:13:16]} 36. Bc5+ {[%clk 0:45:40]} Kd7 {[%clk 0:13:42]} 37. b4
{[%clk 0:43:51]} b6 {[%clk 0:13:02]} 38. Bxb6 {[%clk 0:43:47]} Bxb4
{[%clk 0:13:28]} 39. Bc5 {[%clk 0:44:05]} Be1 {[%clk 0:13:50]} 40. f3
{[%clk 1:14:21]} Bg3 {[%clk 0:44:09]} 41. Bd4 {[%clk 1:14:23]} f5
{[%clk 0:34:15]} 42. Be5 {[%clk 1:10:33]} Be1 {[%clk 0:34:24]} 43. Bf4
{[%clk 1:10:10]} Bc3 {[%clk 0:34:44]} 44. Be3 {[%clk 1:09:27]} h4
{[%clk 0:16:18]} 45. Bg5 {[%clk 1:08:56]} Be1 {[%clk 0:16:41]} 46. Bf6
{[%clk 1:05:32]} Bg3 {[%clk 0:13:21]} 47. Be5 {[%clk 1:04:21]} Bf2
{[%clk 0:13:24]} 48. Bc3 {[%clk 1:04:16]} Bg3 {[%clk 0:13:35]} 49. Bd4
{[%clk 1:03:34]} Bd6 {[%clk 0:12:02]} 50. Bf2 {[%clk 1:03:46]} Be7
{[%clk 0:11:28]} 51. Be1 {[%clk 1:03:41]} Bf6 {[%clk 0:11:04]} 52. Kc5
{[%clk 1:03:45]} Bd8 {[%clk 0:08:45]} 53. Bd2 {[%clk 1:03:13]} g5
{[%clk 0:02:36]} 54. Bc3 {[%clk 0:59:38]} Bc7 {[%clk 0:01:14]} 55. Bf6
{[%clk 0:59:33]} Bf4 {[%clk 0:01:29]} 56. Kb6 {[%clk 0:58:16]} Ke6
{[%clk 0:01:48]} 57. Bh8 {[%clk 0:58:19]} Kd5 {[%clk 0:02:08]} 58. Kxa6
{[%clk 0:58:37]} Kc4 {[%clk 0:02:31]} 59. a5 {[%clk 0:58:41]} Kd3
{[%clk 0:02:41]} 60. Kb7 {[%clk 0:58:41]} Be3 {[%clk 0:01:34]} 61. a6
{[%clk 0:59:06]} Ke2 {[%clk 0:01:56]} 62. Bf6 {[%clk 0:59:31]} Kf1
{[%clk 0:01:58]} 63. Bxg5 {[%clk 0:59:44]} Bxg5 {[%clk 0:02:19]} 64. a7
{[%clk 1:00:10]} Kxg2 {[%clk 0:02:43]} 65. a8=Q {[%clk 1:00:35]} Kxh3
{[%clk 0:03:11]} 66. Qc8 {[%clk 1:00:51]} 1-0